GMMTV Lightning Cheetah - Statistics

General Stats
  • This quiz has been taken 16 times
  • The average score is 43 of 87
Answer Stats
Name % Correct
Fourth
93%
Gemini
93%
Jimmy
93%
Lego
93%
Mark
93%
Ohm
93%
Ohm
93%
Ohm
93%
Phuwin
93%
Pond
93%
Sea
93%
William
93%
Earth
86%
Est
86%
First
86%
Hong
86%
Marc
86%
Mix
86%
Nut
86%
Tui
86%
Bonnie
79%
Emi
79%
Khaotung
79%
Aj
71%
Aston
71%
JJ
71%
Krist
71%
Sing
71%
Singto
71%
Chokun
64%
Film
64%
Java
64%
June
64%
Ken
64%
Poon
64%
Surf
64%
Godji
57%
Namtan
57%
Paul
57%
Ciize
50%
Fluke
50%
Fluke
50%
Leng
50%
Mond
50%
Arm
43%
Chimon
43%
Great
43%
Louis
43%
Ryu
43%
Bright
36%
Franc
36%
Inn
36%
Pahn
36%
Papang
36%
Pod
36%
Sammie
36%
Save
36%
Jan
29%
Jennie
29%
Leo
29%
Yoghurt
29%
Khaokla
21%
Mantra
21%
Mewnich
21%
Parn
21%
Pun
21%
Stamp
21%
Artist
14%
Benz
14%
Fond
14%
Jamie
14%
Juno
14%
Lighty
14%
Maitai
14%
Michiru
14%
Mook
14%
Pang
14%
Pang
14%
Ping
14%
Teshow
14%
Tham
14%
Tonkhaw
14%
Mac
7%
Nicky
7%
Pluem
7%
Waifha
7%
Yacht
0%
No matching quizzes found
Score Distribution
Percent of People with Each Score
Percentile by Number Answered
Your Score History
You have not taken this quiz